Formel 1 Fahrer 2024 - Statistiken

Allgemein
  • Dieses Quiz wurde 102 mal gespielt
  • Das Durchschnittsergebnis liegt bei 19 aus 24
Antwortstatistiken
Team Fahrer % Korrekt
Red Bull Max Verstappen
99%
Mercedes Lewis Hamilton
97%
Ferrari Charles Leclerc
96%
Mercedes George Russel
96%
Ferrari Carlos Sainz jr
94%
Aston Martin Fernando Alonso
94%
McLaren Lando Norris
92%
Haas Nico Hülkenberg
88%
McLaren Oscar Piastri
88%
Red Bull Sergio Perez
88%
Alpine Piere Gasly
84%
RB Yuki Tsunoda
84%
Aston Martin Lance Stroll
83%
Alpine Esteban Ocon
82%
Williams Alex Albon
81%
Kick Sauber Valtteri Bottas
75%
RB Liam Lawson
73%
Ferrari/Haas Oliver Bearman
71%
Haas Kevin Magnussen
70%
RB Daniel Ricciardo
66%
Kick Sauber Zhou Guanyu
65%
Williams Franco Colapinto
53%
Alpine Jack Doohan
48%
Williams Logan Sargeant
42%
Keine übereinstimmenden Quizze gefunden
Verteilung der Resultate
Anzahl Personen mit jedem Resultat
Perzentil nach korrekt beantworteten Fragen
Ihre Resultats-Entwicklung
Sie haben dieses Quiz noch nicht gespielt